|
|
|
|
| LEADER |
00000nam0a2200000 4500 |
| 001 |
15881 |
| 005 |
20231030190346.0 |
| 035 |
|
|
|a (RuTPU)RU\TPU\book\15998
|
| 035 |
|
|
|a BOOK00000686
|
| 090 |
|
|
|a 15881
|
| 100 |
|
|
|a 20011209d1968 km y0rusy50 ca
|
| 101 |
0 |
|
|a rus
|
| 102 |
|
|
|a RU
|
| 105 |
|
|
|a a z 000zy
|
| 200 |
1 |
|
|a Древняя Сибирь
|
| 210 |
|
|
|d 1968
|
| 215 |
|
|
|a 454 с.
|c ил.
|
| 461 |
|
|
|t История Сибири с древнейших времен до наших дней
|o в 5 т.
|v Т. 1
|f АН СССР, Ин-т истории, филологии и философии; гл. ред. В. И. Шунков, А. П. Окладников
|d 1968-1969
|
| 610 |
1 |
|
|a история
|
| 610 |
1 |
|
|a Сибирь
|
| 610 |
1 |
|
|a Древняя Сибирь
|
| 610 |
1 |
|
|a первобытнообщинный строй
|
| 610 |
1 |
|
|a неолит
|
| 610 |
1 |
|
|a бронзовый век
|
| 610 |
1 |
|
|a племенные союзы
|
| 610 |
1 |
|
|a первые государства
|
| 610 |
1 |
|
|a Западная Сибирь
|
| 610 |
1 |
|
|a Восточная Сибирь
|
| 610 |
1 |
|
|a Дальний Восток
|
| 610 |
1 |
|
|a народы
|
| 610 |
1 |
|
|a этнография
|
| 686 |
|
|
|a Т3(253)
|v LBC/SL-A
|2 rubbk
|
| 801 |
|
0 |
|a RU
|b 63413507
|c 20011209
|g PSBO
|
| 801 |
|
2 |
|a RU
|b 63413507
|c 20120531
|g PSBO
|
| 942 |
|
|
|c BK
|